Nonrequired Reading 2006
| Format: | Book |
|---|---|
| Language: | English |
| Published: |
New York :
Houghton Mifflin Company ,
2006
|
| Series: | The Best American Series
|
| Subjects: |
MARC
| LEADER | 00000cam a2200000 7i4500 | ||
|---|---|---|---|
| 001 | 0000070759 | ||
| 005 | 20101221.0 | ||
| 008 | 100512 eng | ||
| 020 | |a 9780618570508 (13) | ||
| 090 | 0 | 0 | |a JLC NON |
| 245 | 1 | 0 | |a Nonrequired Reading 2006 |c Edited by Dave Eggers |
| 260 | |a New York : |b Houghton Mifflin Company , |c 2006 | ||
| 300 | |a 377p. : |b ill. ; |c 22cm. | ||
| 440 | 0 | |a The Best American Series | |
| 650 | 0 | 0 | |a Fiksyen |x English |
| 999 | |a 0000086027 |b Buku |c Lincoln Corner Pinjaman Kanak-kanak |e Perbadanan Perpustakaan Awam Melaka | ||